ТЕХНИКА высоких напряжений (частичные разряды, высоковольтные измерения, импульсная высоковольтная техника). Ч. 1 (Запись № 5444458)

Подробности
000 -МАРКЕР
контрольное поле 01249nam2a22002411 4500
001 - ИДЕНТИФИКАТОР ЗАПИСИ
контрольное поле rc\499209
005 - ИДЕНТИФИКАТОР ВЕРСИИ
контрольное поле 20250621165714.0
035 ## - ДРУГИЕ СИСТЕМНЫЕ НОМЕРА
Идентификатор записи (NLR Aleph) 005817404
100 ## - ДАННЫЕ ОБЩЕЙ ОБРАБОТКИ
Данные общей обработки 20030616d1988 |||y0rusy50 ca
101 0# - ЯЗЫК РЕСУРСА
Язык текста, звукозаписи и т.д. русский
102 ## - СТРАНА ПУБЛИКАЦИИ ИЛИ ПРОИЗВОДСТВА
Страна публикации Российская Федерация
105 ## - ПОЛЕ КОДИРОВАННЫХ ДАННЫХ: ТЕКСТОВЫЕ МАТЕРИАЛЫ, МОНОГРАФИЧЕСКИЕ
Кодированные данные о монографическом текстовом документе y |||||||||
200 0# - ЗАГЛАВИЕ И СВЕДЕНИЯ ОБ ОТВЕТСТВЕННОСТИ
Основное заглавие Ч. 1
210 ## - ПУБЛИКАЦИЯ, РАСПРОСТРАНЕНИЕ И ДР.
Дата издания, распространения и т.д. 1988
Место издания, распространения и т.д. Б. м.
215 ## - ФИЗИЧЕСКАЯ ХАРАКТЕРИСТИКА
Специфическое обозначение материала и объем 41 л.
225 1# - СЕРИЯ
Основное заглавие серии ...
Обозначение тома № 223 (880)
461 #0 - УРОВЕНЬ НАБОРА
Встроенное поле 001rc\499208
-- 2001#$aТЕХНИКА высоких напряжений (частичные разряды, высоковольтные измерения, импульсная высоковольтная техника)$e[Сост. по материалам отеч. и зарубеж. лит. за 1985 г.$fСост. Чащина С.В.]$vЧ. 1
Системный номер (АБИС) связанной записи 5444451
Место публикации М.
Дата публикации 1988-
Первые сведения об ответственности Сост. Чащина С.В.]
Имя издателя, распространителя и т.д. Б. и.
Сведения, относящиеся к заглавию [Сост. по материалам отеч. и зарубеж. лит. за 1985 г.
Заглавие ТЕХНИКА высоких напряжений (частичные разряды, высоковольтные измерения, импульсная высоковольтная техника)
Номер тома Ч. 1
801 #0 - ИСТОЧНИК ЗАПИСИ
Страна Российская Федерация
Организация NLR
Правила каталогизации psbo
801 #1 - ИСТОЧНИК ЗАПИСИ
Страна Российская Федерация
Организация ELAR
Источник данных rusmarc
852 ## - МЕСТОНАХОЖДЕНИЕ И ШИФР ХРАНЕНИЯ
Идентификатор организации NLR
Наименование фонда или коллекции (Sub-Location Identifier) С
Шифр хранения (Call Number) П-1/819
942 ## - ДОПОЛНИТЕЛЬНЫЕ ЭЛЕМЕНТЫ ЗАПИСИ (АБИС)
Тип экземпляра АБИС Книга
980 ## - КОЛЛЕКЦИЯ
Название коллекции Национальная библиография
Экземпляры
Тип экземпляра Дата поступления Библиотека постоянного хранения Библиотека текущего хранения Место хранения Шифр хранения Штрих-код Статус экземпляра
Книга 26.10.2013 РНБ (Московский) РНБ (Московский) Центральная справочная библиотека С П-1/819 5817404-10